Normal view
MARC view
- شرحه وحققه وعلق عليه يسري عبد الغني عبدالله
Entry Personal Name
001 - CONTROL NUMBER
- control field: 9164
003 - CONTROL NUMBER IDENTIFIER
- control field: JO-AjAnu
005 - DATE AND TIME OF LATEST TRANSACTION
- control field: 20230606071756.0
008 - FIXED-LENGTH DATA ELEMENTS
- fixed length control field: 230606|| aca||aabn | a|a d
040 ## - CATALOGING SOURCE
- Original cataloging agency: JO-AjAnu
- Transcribing agency: JO-AjAnu
100 ## - HEADING--PERSONAL NAME
- Personal name: شرحه وحققه وعلق عليه يسري عبد الغني عبدالله
670 ## - SOURCE DATA FOUND
- Source citation: Work cat.: (JO-AjAnu)4726: شرحه وحققه وعلق عليه يسري عبد الغني عبدالله, author, ديوان الخرنق بنت بدر بن هفان أخت طرفة بن العبد